Cuadernos de Bioética (Registro nro. 1160)

Detalles MARC
000 -LEADER
fixed length control field 00415nas a22001457a 4500
008 - CAMPO DE CONTROL RECURSOS CONTINUADOS
fixed length control field 130219t19939999bl ||||| |||| 00| 0 por d
022 ## - INTERNATIONAL STANDARD SERIAL NUMBER
International Standard Serial Number 0104-0804
245 ## - TITULO
Titulo Cuadernos de Bioética
260 ## - PUBLICACION, DISTRIBUCION, ETC. (PIE DE IMPRENTA)
Lugar de publicación, distribución, etc Minas Gerais:
Nombre de la editorial, distribuidor, etc. Pontifícia Universidade Católica de Minas Gerais,
Fecha de publicación 1993
300 ## - DESCRIPCION FISICA
Extensión v. :
546 ## - NOTA DE IDIOMA
Nota de lenguaje portugués
590 ## - NOTAS LOCALES (RLIN)
Nota local 1993 (2); 1995 (3) Archivo caja 17
650 ## - MATERIA-TERMINO TEMATICO
Término temático BIOETICA
9 (RLIN) 1891
942 ## - ADDED ENTRY ELEMENTS (KOHA)
Source of classification or shelving scheme Dewey Decimal Classification
Item type Continuing Resources

No hay ítems disponibles.


UNIVERSIDAD NACIONAL DEL COMAHUE
Biblioteca de la Facultad de Ciencias Médicas
Sede Toschi: Los Arrayanes y Av. Toschi, Cipolletti  - Rio Negro
Sede Los Tordos:  Yrigoyen al 2211, Cipolletti - Rio Negro 

Teléfono: 0299 - 4774707 int 25
Contacto: biblioteca@facimed.uncoma.edu.ar
© 2011 - 2026